Tout les buteurs de Liga 2022/23 - Statistiques

Statistiques générales
  • Ce quiz a été pris 37 fois
  • Le résultat moyen est 50 sur 276
Statistiques - réponses
Equipe Buts Matchs Buteur % Correct
Real Madrid 19 24 Benzema
94%
FC Barcelone 23 34 Lewandowski
94%
Real Madrid 10 33 Vinicius
91%
Atletico Madrid 15 38 Griezmann
84%
FC Barcelone 6 26 Pedri
81%
FC Barcelone 2 36 Gavi
72%
Real Madrid 4 33 Modric
72%
Atletico Madrid 13 36 Morata
72%
Real Madrid 9 34 Rodrygo
72%
Real Madrid 2 30 Kroos
69%
Celta Vigo 12 37 Aspas
66%
Betis Seville 2 28 José
66%
Espanyol 16 34 Joselu
66%
Real Madrid 9 31 Asensio
63%
Real Madrid 5 33 Militao
63%
FC Barcelone 4 33 Torres
63%
Seville 3 32 Torres
63%
Villarreal 1 34 Torres
63%
Real Madrid 7 34 Valverde
63%
FC Barcelone 5 25 Dembélé
59%
Betis Seville 2 15 Fekir
59%
FC Barcelone 7 36 Raphinha
59%
Real Madrid 1 23 Alaba
53%
Atletico Madrid 7 35 Carrasco
53%
Atletico Madrid 5 10 Depay
53%
Betis Seville 15 35 Iglesias
53%
Getafe 1 32 Iglesias
53%
FC Barcelone 1 29 Koundé
50%
Real Madrid 1 33 Rudiger
50%
Athletic Bilbao 10 36 Williams
50%
Athletic Bilbao 6 36 Williams
50%
FC Barcelone 2 24 Alba
47%
FC Barcelone 2 33 De Jong
47%
FC Barcelone 7 36 Fati
47%
Atletico Madrid 9 35 Correa
44%
Rayo Vallecano 3 38 Garcia
44%
Osasuna 2 29 Garcia
44%
Athletic Bilbao 2 35 Garcia
44%
Osasuna 2 35 Garcia
44%
Gérone 1 11 Garcia
44%
FC Barcelone 1 24 Garcia
44%
Gérone 1 30 Garcia
44%
Villarreal 7 21 Moreno
44%
Real Valladolid 1 27 Moreno
44%
Real Madrid 1 26 Nacho
41%
Real Sociedad 4 23 Oyarzabal
41%
FC Barcelone 1 33 Baldé
38%
FC Barcelone 1 23 Christensen
38%
Seville 8 31 En-Nesyri
38%
FC Barcelone 1 28 Kessié
38%
Real Madrid 4 23 Vazquez
38%
Real Sociedad 9 35 Kubo
34%
Real Sociedad 12 34 Sorloth
34%
Betis Seville 4 31 Canales
31%
Atletico Madrid 2 28 Gimenez
31%
Almeria 4 21 Suarez
31%
Getafe 1 28 Suarez
31%
Celta Vigo 11 36 Veiga
31%
Espanyol 10 31 Braithwaite
28%
Gérone 13 35 Castellanos
28%
Villarreal 12 26 Jackson
28%
FC Barcelone 4 23 Roberto
28%
Atletico Madrid 3 14 Felix
25%
Majorque 6 36 Lee
25%
Atletico Madrid 1 22 Llorente
25%
Valence 1 5 Mari
25%
Majorque 15 35 Muriqi
25%
Cadiz 1 18 Ocampo
25%
Getafe 14 35 Unal
25%
FC Barcelone 1 24 Alonso
22%
Osasuna 8 31 Budimir
22%
Valence 5 25 Cavani
22%
Atletico Madrid 2 30 De Paul
22%
Rayo Vallecano 4 19 De Tomas
22%
Rayo Vallecano 2 27 Falcao
22%
Cadiz 3 28 Fernandez
22%
Real Sociedad 1 24 Fernandez
22%
Valence 6 26 Kluivert
22%
Seville 6 32 Lamela
22%
Atletico Madrid 1 27 Lemar
22%
Cadiz 1 26 Marti
22%
Gérone 3 24 Martin
22%
Gérone 3 33 Martinez
22%
Athletic Bilbao 1 15 Martinez
22%
Seville 6 26 Mir
22%
Atletico Madrid 4 33 Molina
22%
Real Sociedad 3 5 Sadiq
22%
Villarreal 3 28 Capoue
19%
Villarreal 6 37 Chukwueze
19%
Villarreal 1 16 Coquelin
19%
Espanyol 6 38 Darder
19%
Villarreal 1 24 Foyth
19%
Osasuna 3 33 Gomez
19%
Seville 1 19 Gomez
19%
Atletico Madrid 3 26 Hermoso
19%
Getafe 8 35 Mayoral
19%
Real Sociedad 8 34 Mendez
19%
Real Sociedad 2 33 Merino
19%
Seville 4 19 Ocampos
19%
Villarreal 4 36 Pino
19%
Seville 1 31 Rakitic
19%
Cadiz 1 15 Ramos
19%
Gérone 4 34 Riquelme
19%
Majorque 3 35 Rodriguez
19%
Celta Vigo 2 33 Rodriguez
19%
Celta Vigo 1 7 Rodriguez
19%
Majorque 1 18 Rodriguez
19%
Betis Seville 1 34 Rodriguez
19%
Athletic Bilbao 10 36 Sancet
19%
Real Sociedad 2 28 Silva
19%
Seville 3 30 Acuna
16%
Osasuna 8 29 Avila
16%
Villarreal 6 35 Baena
16%
Almeria 1 32 Costa
16%
Valence 1 30 Duro
16%
Gérone 1 25 Hernandez
16%
Rayo Vallecano 9 37 Isi
16%
Valence 3 10 Lopez
16%
Gérone 3 20 Lopez
16%
Rayo Vallecano 1 34 Lopez
16%
Villarreal 7 29 Morales
16%
Cadiz 1 21 Negredo
16%
Villarreal 3 37 Parejo
16%
Gérone 9 32 Stuani
16%
Seville 1 19 Badé
13%
Athletic Bilbao 1 29 Berchiche
13%
Athletic Bilbao 4 37 Berenguer
13%
Cadiz 4 31 Bongonda
13%
Elche 7 35 Boye
13%
Betis Seville 3 33 Carvalho
13%
Osasuna 4 28 Ezzalzouli
13%
Valence 1 31 Gaya
13%
Seville 2 17 Gil
13%
Real Sociedad 1 2 Isak
13%
Cadiz 3 14 Perez
13%
Betis Seville 3 19 Perez
13%
Real Valladolid 1 36 Perez
13%
Seville 2 25 Suso
13%
Real Sociedad 1 36 Zubimendi
13%
Seville 1 4 Corona
9%
Athletic Bilbao 1 37 De Marcos
9%
Betis Seville 1 26 Guardado
9%
Seville 1 16 Gueye
9%
Real Valladolid 8 19 Larin
9%
Rayo Vallecano 4 31 Lejeune
9%
Real Valladolid 6 29 Leon
9%
Betis Seville 3 21 Miranda
9%
Atletico Madrid 3 31 Niguez
9%
Real Valladolid 1 34 Plata
9%
Espanyol 7 37 Puado
9%
Betis Seville 1 23 Sabaly
9%
Betis Seville 2 30 Sanchez
9%
Real Valladolid 1 32 Sanchez
9%
Rayo Vallecano 3 34 Trejo
9%
Gérone 3 19 Tsygankov
9%
Celta Vigo 3 35 Aidoo
6%
Cadiz 3 31 Alcaraz
6%
Real Madrid 1 6 Alvaro
6%
Almeria 4 28 Baptistao
6%
Rayo Vallecano 6 38 Camello
6%
Valence 4 25 Castillejo
6%
Real Sociedad 1 19 Cho
6%
Almeria 4 30 Embarba
6%
Cadiz 4 14 Escalante
6%
Athletic Bilbao 6 30 Guruzeta
6%
Betis Seville 1 33 Henrique
6%
Gérone 2 20 Herrera
6%
Betis Seville 4 22 Jimenez
6%
Celta Vigo 4 32 Larsen
6%
Valence 6 38 Lino
6%
Majorque 2 35 Maffeo
6%
Getafe 1 19 Mata
6%
Almeria 4 27 Melero
6%
Elche 6 32 Milla
6%
Espanyol 3 20 Montes
6%
Seville 1 19 Nianzou
6%
Real Valladolid 1 33 Plano
6%
Almeria 3 33 Ramazani
6%
Gérone 2 19 Reinier
6%
Seville 1 16 Rekik
6%
Almeria 2 37 Robertone
6%
Gérone 2 33 Romeu
6%
Celta Vigo 3 18 Seferovic
6%
Almeria 7 21 Touré
6%
Athletic Bilbao 3 36 Vesga
6%
Valladolid 1 15 Weissman
6%
Getafe 2 22 Alvarez
3%
Athletic Bilbao 1 28 Alvarez
3%
Elche 3 27 Chaves
3%
Rayo Vallecano 1 32 Ciss
3%
Villarreal 2 10 Danjuma
3%
Valence 3 29 Diakhaby
3%
Getafe 3 28 El Haddadi
3%
Real Valladolid 1 25 El Yamiq
3%
Cadiz 3 31 Guardiola
3%
Seville 3 34 Gudelj
3%
Gérone 2 34 Gutierrez
3%
Real Sociedad 1 24 Illarramendi
3%
Getafe 1 18 Latasa
3%
Villarreal 2 22 Lo Celso
3%
Cadiz 1 28 Lozano
3%
Valladolid 2 30 Mesa
3%
Elche 4 32 Morente
3%
Valence 1 26 Nico
3%
Espanyol 1 30 Olivan
3%
Valence 1 21 Paulista
3%
Elche 4 34 Ponce
3%
Valence 1 3 Soler
3%
Gérone 1 26 Villa
3%
Athletic Bilbao 1 29 Vivian
3%
Real Sociedad 1 31 Zubeldia
3%
Real Valladolid 1 34 Aguado
0%
Real Valladolid 1 25 Aguayo
0%
Almeria 1 29 Akieme
0%
Getafe 1 25 Alderete
0%
Getafe 2 35 Alena
0%
Valence 2 34 Almeida
0%
Real Valladolid 2 7 Amallah
0%
Real Valladolid 1 3 Anuar
0%
Almeria 3 34 Babic
0%
Osasuna 1 27 Barja
0%
Real Sociedad 3 23 Barrenetxea
0%
Almeria 1 21 Brandariz
0%
Osasuna 1 25 Brasanac
0%
Elche 3 18 Carmona
0%
Rayo Vallecano 1 35 Catena
0%
Almeria 1 15 Centelles
0%
Cadiz 1 14 Chust
0%
Elche 1 16 Collado
0%
Valence 1 23 Comert
0%
Rayo Vallecano 3 35 Comesana
0%
Majorque 1 28 Copete
0%
Gérone 1 25 Couto
0%
Betis Seville 1 6 Cruz
0%
Almeria 1 25 De la Hoz
0%
Valence 1 17 De Souza
0%
Majorque 2 28 Diedhiou
0%
Almeria 1 25 Eguaras
0%
Real Valladolid 1 23 Escudero
0%
Gérone 1 20 Espinosa
0%
Espanyol 2 28 Exposito
0%
Espanyol 1 9 Gragera
0%
Valence 1 10 Guerra
0%
Valence 1 25 Guillamon
0%
Elche 1 35 Gumbau
0%
Elche 1 26 Josan
0%
Gérone 1 19 Juanpe
0%
Majorque 1 15 Kadewere
0%
Espanyol 1 4 Koleodho
0%
Valence 1 24 Latorre
0%
Espanyol 1 11 Lazo
0%
Elche 1 12 Lirola
0%
Almeria 6 18 Marques
0%
Espanyol 1 32 Melamed
0%
Osasuna 1 37 Moncayola
0%
Real Valladolid 3 33 Monchu
0%
Majorque 1 17 Morlanes
0%
Majorque 1 14 Nastasic
0%
Osasuna 3 31 Oroz
0%
Celta Vigo 2 25 Paciencia
0%
Villarreal 1 2 Pascual
0%
Espanyol 1 8 Pierre-Gabriel
0%
Almeria 2 27 Portillo
0%
Majorque 1 26 Prats
0%
Almeria 1 21 Puigmal
0%
Majorque 2 31 Raillo
0%
Rayo Vallecano 4 35 Rivera
0%
Gérone 2 8 Saiz
0%
Seville 1 6 Salas
0%
Celta Vigo 3 35 Sayol
0%
Cadiz 3 33 Sobrino
0%
Villarreal 1 24 Terrats
0%
Osasuna 1 33 Torro
0%
Elche 1 16 Verdu
0%
Espanyol 1 34 Vinicius Souza
0%
Osasuna 2 32 Zubiria
0%
Aucun quiz correspondant
Distribution des résultats
% des personnes avec chaque résultat
Percentile par nombre de réponses
Votre historique - résultats
Vous n’avez pas pris ce quiz